000 00363nam a22001217a 4500
999 _c534993
_d534993
020 _a9780987037237
100 _aImam Ahmad Rida Ali al Qadiri
245 _aThe Mekkan treasure on the subject of the unseen
260 _aSouth Africa
_bImam Ahmad Raza Academy
_c2012
300 _a208p
942 _2ddc
_cBK